ARRUPE JESUIT UNIVERSITY

CORONAVIRUS -STOP THE SPREAD - CLEAN,DISINFECT,COVER

Aristotle on method and metaphysics / (Record no. 122711)

MARC details
000 -LEADER
fixed length control field 01201pam a2200385 i 4500
001 - CONTROL NUMBER
control field 10444968
003 - CONTROL NUMBER IDENTIFIER
control field ARRUPE
005 - DATE AND TIME OF LATEST TRANSACTION
control field 20150506020008.0
008 - FIXED-LENGTH DATA ELEMENTS--GENERAL INFORMATION
fixed length control field 130806s2013 enk b 001 0 eng
010 ## - LIBRARY OF CONGRESS CONTROL NUMBER
LC control number 2013020932
020 ## - INTERNATIONAL STANDARD BOOK NUMBER
International Standard Book Number 9780230360914 (hardback)
020 ## - INTERNATIONAL STANDARD BOOK NUMBER
International Standard Book Number 0230360912 (hardback)
024 ## - OTHER STANDARD IDENTIFIER
Standard number or code 40022622795
035 ## - SYSTEM CONTROL NUMBER
System control number (OCoLC)834978385
035 ## - SYSTEM CONTROL NUMBER
System control number (OCoLC)ocn834978385
035 ## - SYSTEM CONTROL NUMBER
System control number (NNC)10444968
040 ## - CATALOGING SOURCE
Original cataloging agency DLC
Language of cataloging eng
Description conventions rda
Transcribing agency DLC
Modifying agency YDXCP
-- BTCTA
-- OCLCO
-- NhCcYBP
042 ## - AUTHENTICATION CODE
Authentication code pcc
050 00 - LIBRARY OF CONGRESS CALL NUMBER
Classification number B485
Item number .A6445 2013
082 00 - DEWEY DECIMAL CLASSIFICATION NUMBER
Classification number 185
Edition number 23
300 ## - PHYSICAL DESCRIPTION
Dimensions 23 cm
245 00 - TITLE STATEMENT
Title Aristotle on method and metaphysics /
Statement of responsibility, etc edited by Edward Feser, Pasadena City College, California, USA.
260 ## - PUBLICATION, DISTRIBUTION, ETC. (IMPRINT)
Place of publication, distribution, etc Califonia
Name of publisher, distributor, etc Palgrave Macmillan
Date of publication, distribution, etc 2013
300 ## - PHYSICAL DESCRIPTION
Extent x, 302 pages ;
490 1# - SERIES STATEMENT
Series statement Philosophers in depth
504 ## - BIBLIOGRAPHY, ETC. NOTE
Bibliography, etc Includes bibliographical references and index.
600 00 - SUBJECT ADDED ENTRY--PERSONAL NAME
Personal name Aristotle.
9 (RLIN) 17335
600 00 - SUBJECT ADDED ENTRY--PERSONAL NAME
Personal name Aristotle.
Title of a work Metaphysics.
9 (RLIN) 17336
650 #0 - SUBJECT ADDED ENTRY--TOPICAL TERM
Topical term or geographic name as entry element Metaphysics.
9 (RLIN) 17337
700 1# - ADDED ENTRY--PERSONAL NAME
Personal name Feser, Edward,
Relator term editor.
9 (RLIN) 17338
830 #0 - SERIES ADDED ENTRY--UNIFORM TITLE
Uniform title Philosophers in depth.
9 (RLIN) 17339
942 ## - ADDED ENTRY ELEMENTS (KOHA)
Source of classification or shelving scheme Library of Congress Classification
Koha item type Electronic Resources
Koha issues (borrowed), all copies 1
948 1# - LOCAL PROCESSING INFORMATION (OCLC); SERIES PART DESIGNATOR (RLIN)
Series part designator, SPT (RLIN) 20130827
b (OCLC) c
c (OCLC) ybp21
d (OCLC) MPS
949 ## - LOCAL PROCESSING INFORMATION (OCLC)
i 0073227498
Holdings
Withdrawn status Lost status Source of classification or shelving scheme Damaged status Not for loan Collection code Home library Current library Shelving location Date acquired Total Checkouts Full call number Barcode Date last seen Date checked out Price effective from Koha item type
    Library of Congress Classification     Main Collection ARRUPE LIBRARY ARRUPE LIBRARY Main Collection 17/04/2015 2 B485 .A6445 2013 46500002404 16/02/2023 19/09/2022 17/04/2015 Electronic Resources

 

Arrupe Library. PO Box MP320 Mt Pleasant, Harare, Zimbabwe
263 242 745411|librarian@aju.ac.zw